FRAKCIONÁCIA BIELKOVÍN A LIPOPROTEÍNOV SUPERNATANTNEJ FRAKCIE MOZGU NA SEPHADAXE G-200

Bibliographic Details
Main Authors: Saloň, Florián (Author), Mézeš, Viliam (Author), Mézešová, Viera (Author), Slafkovský, Imrich (Author)
Format: Article
Language:Slovak

MARC

LEADER 00000nab a2200000uu 4500
001 vtls011440897
003 SK-MaSNL
005 20260303123324.0
008 230213|1976 xo |||||||||||||||||slo|
015 |a SNBRB 
035 |a (urnnbn)urn:nbn:sk:snk:ar-002zli 
035 |a (uuid)feb86dd8-05ca-4a72-beda-87127df843e7 
035 |a urn:nbn:sk:snk-abcf9k 
040 |a SNKBUCL  |b slo  |c SNKBUCL  |e AACR2 
041 0 |a slo 
044 |a xo  |c SK 
100 1 |a Saloň, Florián  |4 aut  |9 566844 
245 1 0 |a FRAKCIONÁCIA BIELKOVÍN A LIPOPROTEÍNOV SUPERNATANTNEJ FRAKCIE MOZGU NA SEPHADAXE G-200  |c Florián Saloň, Imrich Slafkovský, Viera Mézešová, Viliam Mézeš 
700 1 |a Mézeš, Viliam  |4 aut  |9 589433 
700 1 |a Mézešová, Viera  |4 aut  |9 1137396 
700 1 |a Slafkovský, Imrich  |4 aut  |9 1138914 
773 0 |t Biológia : časopis Slovenskej akadémie vied  |g Roč. 31, č. 3 (1976), s. 193-198 
954 |a odborná, vedecká literatúra pôvodná (slovenská)  |2 lita 
958 |a OND 
958 |a EUIPO 
958 |a article16 
999 |c 1925200  |d 1927130